00451 2200181 4500001002100000005001500021008004100036020002200077035001900099041000700118082001400125090001600139100002000155245002600175260003000201300002000231650001800251INLIS00000000000549020241224113117241224||||||||| | ||| |||| || |  a978-602-7552-19-7 0010-1224005490 aid0 a741:05:00 a741.5 JAN P0 aKAK JANU ISMADI00aPENDEKAR CENDERAWASIH bDELTA EDUKASI PRIMAc2013 a32HLM,;14X19 CM 0aILMU KESENIAN